000 00663nam a2200241 i 4500
001 C2-0289900
003 PPAK
005 20180728022541.0
008 080922s2007 enka|||| ||||| | eng d
020 _a9781844519736
040 _aPPAK
_beng
_cPPAK
_erda
082 0 4 _a796.72
_223
090 0 0 _a796.72
_bHUN
_dR
100 1 _aHunt, Ben,
_eauthor
245 1 4 _aThe history of formula one
264 1 _aLondon :
_bStar Fire Books ,
_c2007
300 _a199 pages :
_bcolour illustrations ;
_c29 cm
336 _2rdacontent
_atext
337 _2rdamedia
_aunmediated
338 _2rdacarrier
_avolume
650 1 0 _aAutomobile racing drivers
942 _ddc
_cB
999 _c95229
_d95229